000 00453nam a2200169Ia 4500
005 20251020182526.0
008 200515s9999 xx 000 0 und d
082 _a693.03:02/C43
245 0 _aUso de la Tierra y Materiales Alternativos en la Construcción
260 _aLima
260 _c1992
300 _aCentro de Ciencias y Tecnología Apropiada
500 _a1 ejemplar
650 _aCONSTRUCCIONES EN TIERRA
650 _aLIB
942 _cLIB
999 _c1922
_d1922